| 000 | 006320000a22001930004500 | ||
|---|---|---|---|
| 090 |
_aAR _b03964 |
||
| 245 | 1 | 0 | _aPeruvian proposal on the protection of traditional knowledge |
| 300 | _a227-240 | ||
| 500 | _a<Colección Recursos Genéticos> | ||
| 650 | 1 | 4 |
_aConocimiento tradicional _992244 |
| 650 | 1 | 4 |
_aPatentes _993660 |
| 650 | 1 | 4 |
_aLegislación ambiental _992309 |
| 651 | 4 |
_pPerú _992749 |
|
| 041 | 0 | _aInglés | |
| 100 | 1 |
_aPacón, Ana María _997815 |
|
| 260 |
_aCaracas _bUNCTAD _c2001 |
||
| 942 | _cARTICULO | ||
| 773 | 1 | _tConferencia de naciones unidas sobre comercio y desarrollo (UNCTAD), Caracas 17-19 de julio del 2001 | |
| 999 |
_c12998 _d12998 |
||